<?xml version="1.0" encoding="UTF-8"?>
<record
    xmlns:xsi="http://www.w3.org/2001/XMLSchema-instance"
    xsi:schemaLocation="http://www.loc.gov/MARC21/slim http://www.loc.gov/standards/marcxml/schema/MARC21slim.xsd"
    xmlns="http://www.loc.gov/MARC21/slim">

  <leader>02269nam a22002777a 4500</leader>
  <controlfield tag="003">OSt</controlfield>
  <controlfield tag="005">20251104135946.0</controlfield>
  <controlfield tag="008">250910b        |||||||| |||| 00| 0 eng d</controlfield>
  <datafield tag="020" ind1=" " ind2=" ">
    <subfield code="a">0022-2437</subfield>
  </datafield>
  <datafield tag="040" ind1=" " ind2=" ">
    <subfield code="a">English</subfield>
    <subfield code="c">tbs</subfield>
  </datafield>
  <datafield tag="041" ind1=" " ind2=" ">
    <subfield code="a">English</subfield>
  </datafield>
  <datafield tag="100" ind1=" " ind2=" ">
    <subfield code="a">Spiggle, Susan</subfield>
    <subfield code="9">26421</subfield>
  </datafield>
  <datafield tag="245" ind1=" " ind2=" ">
    <subfield code="a">More Than Fit</subfield>
    <subfield code="b">: Brand Extension Authenticity</subfield>
    <subfield code="c">/ Susan Spiggle, Hang T. Nguyen, and Mary Caravella</subfield>
  </datafield>
  <datafield tag="260" ind1=" " ind2=" ">
    <subfield code="b">Journal of Marketing Research (JMR)</subfield>
    <subfield code="c">2012</subfield>
  </datafield>
  <datafield tag="362" ind1=" " ind2=" ">
    <subfield code="a">Journal of Marketing Research (JMR). Dec2012, Vol. 49 Issue 6, p967-983. 17p. 2 Black and White Photographs, 6 Charts, 1 Graph</subfield>
  </datafield>
  <datafield tag="520" ind1=" " ind2=" ">
    <subfield code="a">This article introduces a new determinant of brand extension success, brand extension authenticity (BEA), as a complement to fit. The authors develop the BEA construct and a scale to measure it and then demonstrate that BEA captures consumer perceptions of brand extension legitimacy and cultural contiguity along four interrelated but distinct dimensions: maintaining brand standards and style, honoring brand heritage, preserving brand essence, and avoiding brand exploitation. They demonstrate the power of BEA in predicting consumer reactions to brand extensions, particularly among consumers with strong self-brand connections. Not only is BEA distinct from two conceptualizations of fit in brand extension literature-fit as similarity and fit as relevance-but it also moderates the effects of both fit dimensions on brand extension responses. By capturing a cultural and consumer relational perspective that shapes reactions to brand extensions, BEA provides an important, complementary construct for predicting brand extension success and enhancing brand value. Brand managers attentive to BEA may be able to stretch brands further than assessments of fit alone would suggest, but they risk failure in otherwise well-fitting extensions perceived as inauthentic. </subfield>
  </datafield>
  <datafield tag="653" ind1=" " ind2=" ">
    <subfield code="a">Branding strategy</subfield>
  </datafield>
  <datafield tag="653" ind1=" " ind2=" ">
    <subfield code="a">Brand authenticity</subfield>
  </datafield>
  <datafield tag="653" ind1=" " ind2=" ">
    <subfield code="a">Brand extension</subfield>
  </datafield>
  <datafield tag="653" ind1=" " ind2=" ">
    <subfield code="a">Authentic brand extension</subfield>
  </datafield>
  <datafield tag="653" ind1=" " ind2=" ">
    <subfield code="a">Brand extension fit</subfield>
  </datafield>
  <datafield tag="700" ind1=" " ind2=" ">
    <subfield code="a">Nguyen, Hang T.</subfield>
    <subfield code="9">26422</subfield>
  </datafield>
  <datafield tag="700" ind1=" " ind2=" ">
    <subfield code="a">Caravella, Mary</subfield>
    <subfield code="9">26423</subfield>
  </datafield>
  <datafield tag="856" ind1=" " ind2=" ">
    <subfield code="u">https://bibliotheque.tbs-education.fr/Default/doc/bth/83513334/more-than-fit-brand-extension-authenticity</subfield>
  </datafield>
  <datafield tag="942" ind1=" " ind2=" ">
    <subfield code="2">lcc</subfield>
  </datafield>
  <datafield tag="952" ind1=" " ind2=" ">
    <subfield code="0">0</subfield>
    <subfield code="1">0</subfield>
    <subfield code="2">lcc</subfield>
    <subfield code="4">0</subfield>
    <subfield code="7">0</subfield>
    <subfield code="a">TBS</subfield>
    <subfield code="b">TBS</subfield>
    <subfield code="d">2025-11-04</subfield>
    <subfield code="l">0</subfield>
    <subfield code="r">2025-11-04</subfield>
    <subfield code="u">https://bibliotheque.tbs-education.fr/Default/doc/bth/83513334/more-than-fit-brand-extension-authenticity</subfield>
    <subfield code="w">2025-11-04</subfield>
    <subfield code="y">ARTICLE</subfield>
  </datafield>
  <datafield tag="999" ind1=" " ind2=" ">
    <subfield code="c">5143</subfield>
    <subfield code="d">5143</subfield>
  </datafield>
</record>
